000
00474nam a2200181Ia 4500
008
090124s9999 xx 000 0 und d
082
_b
124545
100
_a
मंगेशकर गीता
245
_a
आक्रमण
250
_a
1
260
_c
1987
300
_a
282
600
_a
मंगेशकर गीता
630
_a
आक्रमण
700
_a
मंगेशकर गीता
730
_a
आक्रमण
942
_c
BOOK
999
_c
170632
_d
170632